Statistics for Belgium Country Quiz

Click here to take the quiz!

General Stats

  • This quiz has been taken 21,402 times
    (4,852 since last reset)
  • The average score is 19 of 25

Answer Stats

Clue Answer % Correct
Capital city / region of BelgiumBrussels
99%
Bordering countriesFrance
98%
Bordering countriesGermany
98%
Bordering countriesNetherlands
98%
Most-spoken languagesFrench
98%
Most-spoken languagesDutch
97%
Bordering countriesLuxembourg
96%
Bordering seaNorth Sea
90%
Site of Napoleon's last battleWaterloo
89%
Largest African colony of BelgiumBelgian Congo
88%
Region of BelgiumFlanders
82%
Little blue comic figuresThe Smurfs
79%
1920 Olympic host cityAntwerp
79%
Food made in grid-shaped ironsWaffle
79%
What Belgians put on their friesMayonnaise
78%
City famous for canalsBruges
74%
Actor known as JCVDJean-Claude
Van Damme
72%
Fictional Agatha Christie detectiveHercule Poirot
66%
Region of BelgiumWallonia
63%
What Trappist monks famously makeBeer
58%
If you eat Moules-frites, you are
eating this animal
Mussels
49%
Intrepid reporter who visited Tibet,
America, Sydney, and more
Tintin
48%
Painter of fleshy womenPeter Paul Rubens
36%
Current KingPhilippe
36%
Painter who will tell you what a pipe isn'tRené Magritte
31%

Score Distribution

Percentile by Number Answered

Percent of People with Each Score

Your Score History

You have not taken this quiz since the last reset